Reglamento del personal académico : (Registro nro. 10720)
[ vista simple ]
| 000 -CABECERA | |
|---|---|
| campo de control de longitud fija | 01319nam a2200217 a 4500 |
| 001 - NÚMERO DE CONTROL | |
| campo de control | 000010982 |
| 005 - FECHA Y HORA DE LA ÚLTIMA TRANSACCIÓN | |
| campo de control | 20240307073941.0 |
| 008 - DATOS DE LONGITUD FIJA--INFORMACIÓN GENERAL | |
| campo de control de longitud fija | 091013s2009 dr r 001 0 spa d |
| 020 ## - NÚMERO INTERNACIONAL ESTÁNDAR DEL LIBRO | |
| Número Internacional Estándar del Libro | 9789993425885 |
| 040 ## - FUENTE DE LA CATALOGACIÓN | |
| Centro catalogador/agencia de origen | DO-SdBNP |
| Lengua de catalogación | spa |
| Centro/agencia transcriptor | BNPHU |
| 082 ## - NÚMERO DE LA CLASIFICACIÓN DECIMAL DEWEY | |
| Número de clasificación | 378.1012 |
| Número de documento/Ítem | I59r, 2009 |
| 110 2# - ENTRADA PRINCIPAL--NOMBRE DE ENTIDAD CORPORATIVA | |
| Nombre de entidad corporativa o nombre de jurisdicción como elemento de entrada | Instituto Tecnológico de Santo Domingo |
| 9 (RLIN) | 78911 |
| 245 10 - MENCIÓN DE TÍTULO | |
| Título | Reglamento del personal académico : |
| Resto del título | aprobado en consejo académico mediante resolución no. 02-06/2009 /. |
| 260 ## - PUBLICACIÓN, DISTRIBUCIÓN, ETC. | |
| Lugar de publicación, distribución, etc. | Santo Domingo : |
| Nombre del editor, distribuidor, etc. | INTEC, |
| Fecha de publicación, distribución, etc. | 2009. |
| 300 ## - DESCRIPCIÓN FÍSICA | |
| Extensión | 65 p. ; |
| Dimensiones | 22 cm. |
| 505 0# - NOTA DE CONTENIDO CON FORMATO | |
| Nota de contenido con formato | Presentación-- Definición y objetivos -- De las clasificaciones del personal académico -- De los requesitos de contratación -- De las funciones -- De los derecho y deberes -- De los procedimientos de contración -- De la Remuneración -- Del desarrollo profesoral -- De la evaluación y seguimiento -- De los reconocimientos -- De las faltas y medidas disciplinarias -- De las licencias de los miembros del personal académico -- De la carrera académica -- De la clasificación docente para profesorado por asignatura -- De las disposiciones generales. |
| 590 ## - NOTA LOCAL (RLIN) | |
| Nota local | Inventariado, 2018/BT |
| 610 #0 - PUNTO DE ACCESO ADICIONAL DE MATERIA--NOMBRE DE ENTIDAD CORPORATIVA | |
| Nombre de entidad corporativa o nombre de jurisdicción como elemento de entrada | INSTITUTO TECNOLÓGICO DE SANTO DOMINGO |
| Subdivisión de forma | REGLAMENTOS |
| 9 (RLIN) | 1629 |
| 650 #4 - PUNTO DE ACCESO ADICIONAL DE MATERIA--TÉRMINO DE MATERIA | |
| Término de materia o nombre geográfico como elemento de entrada | Universidades |
| Subdivisión de forma | REGLAMENTOS |
| 9 (RLIN) | 1627 |
| 910 ## - DATOS DE OPCIÓN DEL USUARIO (OCLC) | |
| Datos de opción del usuario | Validado. Control de calidad. MMOLINA |
| Estado de retiro | Estado de pérdida | Restricciones de uso | No para préstamo | Código de colección | Localización permanente | Ubicación/localización actual | Ubicación en estantería | Fecha de adquisición | Número de inventario | Total de préstamos | Signatura topográfica completa | Código de barras | Fecha visto por última vez | Número de copia | Precio válido a partir de | Tipo de ítem Koha |
|---|---|---|---|---|---|---|---|---|---|---|---|---|---|---|---|---|
| Dominicana de Servicio | General | General | Depósito | 13.10.2009 | LF1 | 378.1012 I59r, 2009 | 10982-30 | 25.06.2020 | e. 3 | 25.06.2020 | Libro y Folleto Colección Dominicana de Servicio | |||||
| Excluido de préstamo | Patrimonio Dominicano | Patrimonio Dominicano | Patrimonio Dominicano | Depósito | 13.10.2009 | LF1 | 378.1012 I59r, 2009 | 10982-10 | 25.06.2020 | 25.06.2020 | Libro y Folleto Colección Patrimonio Dominicano | |||||
| Excluido de préstamo | Patrimonio Dominicano | Patrimonio Dominicano | Patrimonio Dominicano | Depósito | 13.10.2009 | LF1 | 378.1012 I59r, 2009 | 10982-20 | 25.06.2020 | e. 2 | 25.06.2020 | Libro y Folleto Colección Patrimonio Dominicano |
